logo

Bir Sreshtho Munshi Abdur Rouf Library
Jhenaidah Cadet College

প্রাচীন জ্যোতির্বিদ্যা / (Record no. 2389)

MARC details
000 -LEADER
fixed length control field 00996nam a2200241 a 4500
001 - CONTROL NUMBER
JCCL Control Number 2389
003 - CONTROL NUMBER IDENTIFIER
JCCL marc code BD-JhCC
005 - DATE AND TIME OF LATEST TRANSACTION
control field 20190930134007.0
008 - FIXED-LENGTH DATA ELEMENTS--GENERAL INFORMATION
fixed length control field 171101s2015 bg a|||| |||| 00| 0 ben d
035 ## - SYSTEM CONTROL NUMBER
system control number (BD-JhCC)2389
040 ## - CATALOGING SOURCE
Original cataloging agency BD-JhCC
Modifying agency BD-JhCC
041 ## - LANGUAGE CODE
Language code of Book ben
082 ## - DEWEY DECIMAL CLASSIFICATION NUMBER
DDC Edition number 22
Classification number 520
Author mark and Year JAB 2015
100 ## - MAIN ENTRY--PERSONAL NAME
Personal name জব্বার, আবদুল, মোহান্মদ
245 ## - TITLE STATEMENT
Title প্রাচীন জ্যোতির্বিদ্যা /
Statement of responsibility, etc মোহান্মদ আবদুল জব্বার
260 ## - PUBLICATION, DISTRIBUTION, ETC. (IMPRINT)
Place of publication, distribution, etc ঢাকা :
Name of publisher, distributor, etc বাংলাদেশ অ্যাস্ট্রোনমিক্যাল,
-- বাংলা একাডেমী,
Date of publication, distribution, etc ২০১৫
300 ## - PHYSICAL DESCRIPTION
Pagination 496 p. :
Other physical details ill. ;
Dimensions 22cm.
490 ## - SERIES STATEMENT
Series statement মহাকাশ গ্রন্থমালা-৩
500 ## - GENERAL NOTE
General note কপি 1: পৃষ্ঠা সংখ্যা - 496<br/>কপি 2: পৃষ্ঠা সংখ্যা -749
650 ## - SUBJECT ADDED ENTRY--TOPICAL TERM
Topical term or geographic name as entry element Astronomy
942 ## - ADDED ENTRY ELEMENTS (KOHA)
Source of classification or shelving scheme Dewey Decimal Classification
Koha item type Books
Koha issues (borrowed), all copies 6
Holdings
Source of classification or shelving scheme Damaged status Not for loan Home library Current library Shelving location Date of accession Cost, normal purchase price Total Checkouts Full call number Barcode Date last seen Date checked out Copy number Koha item type
Dewey Decimal Classification     JCC Rouf Library JCC Rouf Library General Stacks 11/01/2017 400.00 4 520 JAB 2015 2351 12/07/2023 10/23/2023 c-1 Books
Dewey Decimal Classification     JCC Rouf Library JCC Rouf Library General Stacks 11/15/2017 60.00   520 JAB 2015 3800 11/15/2017   C-2 Books

JCC Library | Contacts | JCC Home

Last Update on 23 September 2017
Copyright @ 2017-2020 JCC Rouf Library
Rouf Library, Jhenidah Cadet College (JCC), Bangladesh